LIBRARY & INFORMATION CENTRE, KCAET, TAVANUR

ONLINE PUBLIC ACCESS CATALOGUE (OPAC)

Bainhridge and menzies : Essentials of physiology / (Record no. 10160)

MARC details
000 -LEADER
fixed length control field 00426cam a2200169ua 4500
041 ## - LANGUAGE CODE
Language code of text/sound track or separate title eng
082 ## - DEWEY DECIMAL CLASSIFICATION NUMBER
Classification number 612
Item number HAR/BA
100 ## - MAIN ENTRY--AUTHOR NAME
Personal name Hartridge, H .
245 ## - TITLE STATEMENT
Title Bainhridge and menzies : Essentials of physiology /
250 ## - EDITION STATEMENT
Edition statement 10 /
260 ## - PUBLICATION, DISTRIBUTION, ETC. (IMPRINT)
Place of publication London :
Name of publisher Longman ,
Year of publication 1960.
300 ## - PHYSICAL DESCRIPTION
Number of Pages 506 ; .
700 1# - ADDED ENTRY--PERSONAL NAME
Personal name Silva, J L .
942 ## - ADDED ENTRY ELEMENTS (KOHA)
Koha item type Books
Holdings
Withdrawn status Lost status Damaged status Home library Current library Date acquired Full call number Accession Number Koha item type
      KAUAET KAUAET 07/04/2012 612 3952 Books
free website counter